Statistics for Most useless states

Click here to take the quiz!

General Stats

  • This quiz has been taken 38 times
  • The average score is 7 of 10

Answer Stats

states% Correct
2.Alaska
83%
8.Montana
77%
3.Wyoming
77%
1.Hawaii
74%
5.Rhode Island
71%
10.Arkansas
69%
4.Delaware
69%
6.West Virginia
66%
9.Utah
57%
7.Ohio
54%

Score Distribution

Percentile by Number Answered

Percent of People with Each Score

Your Score History

You have not taken this quiz